在空白地图上画出江苏所有县级行政区Counties in Jiangsu with an empty map - Statistics

General Stats
  • This quiz has been taken 153 times
  • The average score is 77 of 95
Answers on the Map
Answers color-coded by a green-red scale on the quiz's map according to % correct below.
 
Answer Stats
地级 县级 % Correct
南京市 鼓楼区
96%
徐州市 鼓楼区
96%
南京市 秦淮区
95%
苏州市 张家港市
95%
苏州市 昆山市
95%
苏州市 太仓市
94%
南京市 六合区
93%
南京市 溧水区
93%
无锡市 江阴市
93%
南京市 江宁区
91%
苏州市 常熟市
91%
南京市 玄武区
90%
南京市 雨花台区
90%
常州市 溧阳市
90%
南通市 启东市
90%
南京市 建邺区
89%
南京市 高淳区
89%
苏州市 姑苏区
89%
镇江市 丹阳市
89%
无锡市 宜兴市
88%
常州市 武进区
88%
常州市 金坛区
87%
南通市 如皋市
87%
扬州市 高邮市
87%
镇江市 扬中市
87%
南京市 浦口区
86%
无锡市 锡山区
86%
徐州市 沛县
86%
南通市 海门区
86%
连云港市 连云区
86%
镇江市 句容市
86%
苏州市 虎丘区
85%
苏州市 吴江区
85%
无锡市 惠山区
84%
苏州市 吴中区
84%
苏州市 相城区
84%
泰州市 泰兴市
84%
南通市 海安市
83%
淮安市 淮安区
83%
盐城市 东台市
83%
无锡市 梁溪区
82%
徐州市 邳州市
82%
南通市 通州区
82%
盐城市 大丰区
82%
扬州市 仪征市
82%
南京市 栖霞区
81%
南通市 如东县
81%
连云港市 海州区
81%
淮安市 淮阴区
81%
淮安市 盱眙县
81%
泰州市 靖江市
81%
徐州市 丰县
80%
徐州市 新沂市
80%
镇江市 京口区
80%
泰州市 兴化市
80%
常州市 钟楼区
79%
常州市 新北区
79%
扬州市 邗江区
79%
扬州市 江都区
79%
扬州市 宝应县
79%
宿迁市 泗洪县
79%
徐州市 铜山区
78%
连云港市 灌云县
78%
镇江市 丹徒区
78%
泰州市 姜堰区
78%
宿迁市 泗阳县
78%
连云港市 赣榆区
77%
淮安市 清江浦区
77%
镇江市 润州区
77%
无锡市 滨湖区
76%
连云港市 灌南县
76%
淮安市 洪泽区
76%
盐城市 盐都区
76%
盐城市 射阳县
76%
扬州市 广陵区
76%
徐州市 云龙区
74%
无锡市 新吴区
73%
徐州市 贾汪区
73%
淮安市 涟水县
72%
淮安市 金湖县
72%
盐城市 滨海县
72%
宿迁市 宿城区
72%
常州市 天宁区
71%
盐城市 响水县
71%
宿迁市 宿豫区
71%
宿迁市 沭阳县
71%
徐州市 泉山区
68%
盐城市 阜宁县
68%
南通市 崇川区
67%
连云港市 东海县
67%
盐城市 亭湖区
67%
盐城市 建湖县
67%
泰州市 海陵区
67%
泰州市 高港区
65%
徐州市 睢宁县
63%
No matching quizzes found
Score Distribution
Percent of People with Each Score
Percentile by Number Answered
Your Score History
You have not taken this quiz